Funguje ešte flexibilita pracovného trhu?
Pohľad na ochranu práce a pracovného trhu vo vyspelých ekonomikách. Deregulácia pracovného trhu a ekonomická odolnosť.
Saved in:
| Main Author: | |
|---|---|
| Format: | Book Chapter |
| Language: | Slovak |
| Subjects: | |
| Tags: |
No Tags, Be the first to tag this record!
|
MARC
| LEADER | 00000naa a2200000 4500 | ||
|---|---|---|---|
| 001 | 0133985 | ||
| 005 | 20220725111232.8 | ||
| 041 | 0 | |a slo | |
| 044 | |a SK | ||
| 245 | 1 | 0 | |a Funguje ešte flexibilita pracovného trhu? |c Heleene Meesová |
| 520 | |a Pohľad na ochranu práce a pracovného trhu vo vyspelých ekonomikách. Deregulácia pracovného trhu a ekonomická odolnosť. | ||
| 610 | 2 | 0 | |a Európa |
| 610 | 2 | 0 | |a Čína |
| 610 | 2 | 0 | |a USA |
| 610 | 2 | 0 | |a Nemecko |
| 610 | 2 | 0 | |a flexibilita |
| 610 | 2 | 0 | |a trh práce |
| 100 | 1 | |a Meesová, Heleene | |